Catálogo
 En Linea

Y Jesús dijo ... / (Registro nro. 36376)

Detalles MARC
000 -CABECERA
campo de control de longitud fija 00594nam a2200181 a 4500
001 - NÚMERO DE CONTROL
campo de control 000036885
005 - FECHA Y HORA DE LA ÚLTIMA TRANSACCIÓN
campo de control 20200930080010.0
008 - DATOS DE LONGITUD FIJA--INFORMACIÓN GENERAL
campo de control de longitud fija 120203s1965 sp ab 000 0 spa d
040 ## - FUENTE DE LA CATALOGACIÓN
Centro catalogador/agencia de origen DO-SdBNP
Lengua de catalogación spa
Centro/agencia transcriptor BNPHU
082 ## - NÚMERO DE LA CLASIFICACIÓN DECIMAL DEWEY
Número de clasificación xxx
Número de documento/Ítem C867j
100 1# - ENTRADA PRINCIPAL--NOMBRE DE PERSONA
Nombre de persona Cousins, Mary
9 (RLIN) 63266
240 10 - TÍTULO UNIFORME
Título uniforme And Jesus said.
Lenguaje de la obra Español
245 10 - MENCIÓN DE TÍTULO
Título Y Jesús dijo ... /
Mención de responsabilidad, etc. Mary Cousins ; traducción de María Dolores Raich.
260 ## - PUBLICACIÓN, DISTRIBUCIÓN, ETC.
Lugar de publicación, distribución, etc. Barcelona :
Nombre del editor, distribuidor, etc. Editorial Molino,
Fecha de publicación, distribución, etc. 1965.
300 ## - DESCRIPCIÓN FÍSICA
Extensión 159 p. :
Otras características físicas il., mapa ;
Dimensiones 21 cm.
534 ## - NOTA SOBRE LA VERSIÓN ORIGINAL
Encabezamiento principal del original Título original :
Mención de título del original And Jesus said.
700 1# - PUNTO DE ACCESO ADICIONAL--NOMBRE DE PERSONA
Nombre de persona Raich, María Dolores,
Término indicativo de función/relación tr.
9 (RLIN) 63267

No hay ítems disponibles.

Con tecnología Koha